Países Beirando Dois ou Mais Oceanos - Statistics

Estatísticas Gerais
  • Esse quiz foi jogado 3 188 vezes
  • A pontuação média é 16 de 22
Estatísticas das Respostas
Oceano #1 Oceano #2 Oceano #3 País % Correto
Ártico Atlântico Pacífico Estados Unidos
96%
Ártico Atlântico Pacífico Canadá
94%
Atlântico
Caribe, Golfo do México
Pacífico México
89%
Ártico Atlântico
Mar Báltico
Pacífico Rússia
88%
Índico Pacífico Austrália
87%
Atlântico
Mar do Caribe
Pacífico Panamá
85%
Atlântico Índico África do Sul
81%
Ártico
Mar de Barents
Atlântico
Mar da Noruega
Noruega
79%
Atlântico
Mar do Caribe
Pacífico Costa Rica
78%
Índico Pacífico Indonésia
78%
Atlântico
Mar do Caribe
Pacífico Nicarágua
78%
Atlântico
Mar do Caribe
Pacífico Guatemala
75%
Atlântico
Mar do Caribe
Pacífico
Golfo de Fonseca
Honduras
73%
Atlântico Pacífico
Estreito de Magalhães
Argentina
72%
Atlântico
Estreito de Magalhães
Pacífico Chile
70%
Índico
Mar de Andamão
Pacífico
Golfo da Tailândia
Tailândia
69%
Atlântico
Mar Mediterrâneo
Índico
Mar Vermelho
Egito
67%
Atlântico
Mar do Caribe
Pacífico Colômbia
64%
Índico
Mar de Andamão
Pacífico
Mar da China Meridional
Malásia
55%
Índico
Mar de Timor
Pacífico
Mar das Flores
Timor-Leste
54%
Atlântico Índico Pacífico França
42%
Atlântico
Mar Mediterrâneo
Índico
Golfo de Aqaba
Israel
39%
Nenhum quiz correspondente encontrado
Distribuição das Pontuações
Porcentagem de Pessoas com Cada Pontuação
Percentil de Números Respondidos
Sua Pontuação Histórica
Você não jogou esse quiz